[Event "Katowice rapid op"]
[Site "Katowice"]
[Date "2025.05.31"]
[Round "11"]
[White "Rychlik, Michal"]
[Black "Galko, Tibor"]
[Result "1-0"]
[WhiteElo "2002"]
[BlackElo "1824"]
[PlyCount "51"]
[EventDate "2025.05.31"]
[EventType "swiss"]
[EventRounds "11"]
[EventCountry "POL"]
[SourceTitle "CB24_2025"]
[SourceDate "2025.06.11"]
[SourceVersion "1"]
[SourceVersionDate "2025.06.11"]
[SourceQuality "1"]

1. Nf3 Nf6 2. c4 c6 3. d4 d5 4. Nc3 e6 5. Bg5 dxc4 6. a4 Bb4 7. e4 Qa5 8. Bd2 Nbd7 9. Bxc4 Qc7 10. e5 Nd5 11. 0-0 Bxc3 12. bxc3 N7b6 13. Bd3 Bd7 14. c4 Ne7 15. Bb4 Nbc8 16. Ng5 h6 17. Ne4 a5 18. Ba3 Nf5 19. Qg4 h5 20. Qf4 f6 21. Nd6+ Ncxd6 22. exd6 Qb6 23. Bxf5 exf5 24. Rab1 Qa6 25. Qe3+ Kf7 26. Qe7+ 1-0

[Event "Katowice rapid op"]
[Site "Katowice"]
[Date "2025.05.31"]
[Round "1"]
[White "Rychlik, Michal"]
[Black "Gruszczynski, Miroslaw"]
[Result "1-0"]
[WhiteElo "2002"]
[BlackElo "1569"]
[PlyCount "67"]
[EventDate "2025.05.31"]
[EventType "swiss"]
[EventRounds "11"]
[EventCountry "POL"]
[SourceTitle "CB24_2025"]
[SourceDate "2025.06.11"]
[SourceVersion "1"]
[SourceVersionDate "2025.06.11"]
[SourceQuality "1"]

1. Nf3 Nf6 2. c4 g6 3. Nc3 Bg7 4. e4 d6 5. d4 0-0 6. Be2 Nbd7 7. 0-0 b6 8. h3 Bb7 9. Qc2 c5 10. d5 e6 11. dxe6 fxe6 12. Bg5 Qc7 13. Rad1 Rad8 14. Nb5 Qb8 15. Nxd6 h6 16. Be3 Ba8 17. e5 Nh5 18. Qxg6 Nf4 19. Bxf4 Rxf4 20. Qxe6+ Kh7 21. Bd3+ Kh8 22. Nf7+ Rxf7 23. Qxf7 Nxe5 24. Nxe5 Qxe5 25. Rfe1 Rxd3 26. Qe8+ Qxe8 27. Rxe8+ Kh7 28. Rxd3 Bc6 29. Re7 Kg6 30. Rg3+ Kh5 31. Rgxg7 Bf3 32. Re5+ Kh4 33. gxf3 Kxh3 34. Rh5# 1-0

[Event "Wroclaw op-B"]
[Site "Wroclaw"]
[Date "2024.08.13"]
[Round "8"]
[White "Rychlik, Michal"]
[Black "Bratajit, Mukherjee"]
[Result "1/2-1/2"]
[WhiteElo "1847"]
[BlackElo "1801"]
[PlyCount "49"]
[EventDate "2024.08.08"]
[EventType "swiss"]
[EventRounds "9"]
[EventCountry "POL"]
[SourceTitle "EXT 2025"]
[Source "ChessBase"]
[SourceDate "2024.10.14"]
[SourceVersion "1"]
[SourceVersionDate "2024.10.14"]
[SourceQuality "1"]

1. e4 c5 2. Nf3 e6 3. d4 cxd4 4. Qxd4 Nc6 5. Qe3 d5 6. exd5 Qxd5 7. Nc3 Qc5 8. Qxc5 Bxc5 9. Ne4 Bb6 10. Bf4 Nf6 11. Nd6+ Ke7 12. Bb5 Nh5 13. Nxc8+ Raxc8 14. Bd2 a6 15. Bd3 Nf6 16. 0-0 Rhd8 17. Rad1 h6 18. Rfe1 Kf8 19. h3 Ba5 20. Bxa5 Nxa5 21. Ne5 Nc6 22. Nxc6 Rxc6 23. c3 Rcd6 24. Be2 Rd2 25. Bf3 1/2-1/2

[Event "Bohumin op-A 7th"]
[Site "Bohumin"]
[Date "2024.07.05"]
[Round "8"]
[White "Kolar, Stanislav"]
[Black "Rychlik, Michal"]
[Result "0-1"]
[WhiteElo "1925"]
[BlackElo "2014"]
[PlyCount "102"]
[EventDate "2024.06.29"]
[EventType "swiss"]
[EventRounds "9"]
[EventCountry "CZE"]
[SourceTitle "CBM 221 Extra"]
[Source "ChessBase"]
[SourceDate "2024.09.30"]
[SourceVersion "1"]
[SourceVersionDate "2024.09.30"]
[SourceQuality "1"]

1. Nf3 d5 2. g3 Nd7 3. d4 Nb6 4. Bg2 Bf5 5. 0-0 e6 6. b3 Nf6 7. a4 a5 8. Ne5 c6 9. Re1 Be7 10. Bb2 h5 11. h3 Ne4 12. c3 f6 13. Nd3 Qc7 14. Nd2 g5 15. Nf1 Kf7 16. Ne3 Bh7 17. Rc1 Rag8 18. c4 Qb8 19. c5 Nd7 20. Rf1 Bd8 21. Bxe4 Bxe4 22. Ng2 Bf5 23. b4 axb4 24. Nxb4 Bxh3 25. Rc3 h4 26. Rb3 Qa8 27. Nd3 Bf5 28. Ne3 hxg3 29. Nxf5 exf5 30. Kg2 Rh2+ 31. Kf3 gxf2 32. Ke3 Ba5 33. Bc3 Bxc3 34. Rxc3 Qe8+ 35. Kd2 Qe4 36. Rxf2 Rxf2 37. Nxf2 Qxd4+ 38. Nd3 Re8 39. Qf1 f4 40. a5 Ne5 41. Kc2 Qa4+ 42. Rb3 Nc4 43. Qf3 Qxb3+ 44. Kxb3 Nd2+ 45. Ka4 Nxf3 46. exf3 Re3 47. Nb4 Rxf3 48. Nxc6 bxc6 49. a6 Rf1 50. Ka5 f3 51. Kb6 Ra1 0-1

[Event "Malopolska-ch"]
[Site "Krakow"]
[Date "2024.05.30"]
[Round "2"]
[White "Rychlik, Michal"]
[Black "Golenia, Jan"]
[Result "0-1"]
[WhiteElo "2028"]
[BlackElo "2221"]
[PlyCount "124"]
[EventDate "2024.05.30"]
[EventType "swiss"]
[EventRounds "7"]
[EventCountry "POL"]
[SourceTitle "EXT 2025"]
[Source "ChessBase"]
[SourceDate "2024.10.14"]
[SourceVersion "1"]
[SourceVersionDate "2024.10.14"]
[SourceQuality "1"]

1. e4 e5 2. Bc4 Nf6 3. d3 Bc5 4. Nf3 Nc6 5. c3 0-0 6. 0-0 d6 7. Re1 a6 8. Bb3 h6 9. Nbd2 Re8 10. Nf1 Ba7 11. h3 Be6 12. Ng3 d5 13. Qe2 Na5 14. Bc2 dxe4 15. Nxe5 exd3 16. Qxd3 Qxd3 17. Bxd3 Bc4 18. Bf4 Bxd3 19. Nxd3 Nd5 20. Rad1 Nxf4 21. Nxf4 Nc4 22. b3 Nd6 23. Nd5 Rxe1+ 24. Rxe1 c6 25. Nf4 Rd8 26. Rd1 Bb6 27. Kf1 g6 28. c4 Kg7 29. Ke2 h5 30. Nfxh5+ Kh6 31. Nf6 Bc7 32. Kf3 Kg7 33. Ng4 f5 34. Ne5 Nxc4 35. Rd7+ Rxd7 36. Nxd7 Nd6 37. Nc5 Bb6 38. Nd7 Bc7 39. Nc5 Kf7 40. Ne2 Bb6 41. Nd7 Ba7 42. Nf4 Ke7 43. Ne5 g5 44. Nfd3 Ke6 45. g3 Bd4 46. Ng6 Ne4 47. h4 g4+ 48. Kg2 Nc3 49. Nc1 b5 50. Kf1 Bf6 51. Nd3 Nxa2 52. Nc5+ Kf7 53. Nf4 a5 54. Ke1 Nc3 55. Kd2 a4 56. bxa4 bxa4 57. Kd3 a3 58. Nb3 a2 59. Ke3 Ne4 60. Nd3 c5 61. f3 gxf3 62. Kxf3 Nd2+ 0-1

[Event "POL-ch sf"]
[Site "Karpacz"]
[Date "2023.12.11"]
[Round "8"]
[White "Spicak, Krzysztof"]
[Black "Rychlik, Michal"]
[Result "0-1"]
[WhiteElo "1826"]
[BlackElo "1718"]
[PlyCount "82"]
[EventDate "2023.12.04"]
[EventType "swiss"]
[EventRounds "9"]
[EventCountry "POL"]
[SourceTitle "EXT 2025"]
[Source "ChessBase"]
[SourceDate "2024.10.14"]
[SourceVersion "1"]
[SourceVersionDate "2024.10.14"]
[SourceQuality "1"]

1. d4 Nf6 2. c4 g6 3. Nc3 Bg7 4. e4 d6 5. f3 0-0 6. Be3 Nc6 7. Nge2 Nd7 8. Qd2 Na5 9. Ng3 c5 10. d5 a6 11. Bh6 Bxh6 12. Qxh6 Ne5 13. b3 Bd7 14. h4 f6 15. Qc1 Rb8 16. f4 Nf7 17. Be2 b5 18. cxb5 axb5 19. Nd1 e6 20. dxe6 Bxe6 21. f5 Bc8 22. Ne3 Nc6 23. fxg6 hxg6 24. h5 g5 25. h6 Kh7 26. Qd2 Nd4 27. Bd3 Ne5 28. Ngf5 Bxf5 29. exf5 Ndf3+ 30. gxf3 Nxf3+ 31. Ke2 Nxd2 32. Kxd2 d5 33. Ng4 c4 34. Bc2 Qa5+ 35. Ke2 d4 36. Be4 Qc3 37. Kf2 Qd2+ 38. Kf1 d3 39. Nf2 Rbe8 40. Bf3 Qf4 41. Kg2 Re3 0-1

[Event "POL-ch sf"]
[Site "Karpacz"]
[Date "2023.12.05"]
[Round "2"]
[White "Reichel, Lukasz"]
[Black "Rychlik, Michal"]
[Result "0-1"]
[WhiteElo "1874"]
[BlackElo "1718"]
[PlyCount "86"]
[EventDate "2023.12.04"]
[EventType "swiss"]
[EventRounds "9"]
[EventCountry "POL"]
[SourceTitle "CBM 217 Extra"]
[Source "ChessBase"]
[SourceDate "2024.01.31"]
[SourceVersion "1"]
[SourceVersionDate "2024.01.31"]
[SourceQuality "1"]

1. Nf3 Nf6 2. c4 g6 3. Nc3 Bg7 4. e4 d6 5. d4 0-0 6. h3 e5 7. d5 a5 8. Be3 Na6 9. Be2 Nd7 10. g4 f5 11. g5 Ndc5 12. Nd2 Bd7 13. h4 c6 14. Qb1 Rb8 15. Bd3 Nxd3+ 16. Qxd3 Nb4 17. Qb1 f4 18. Ba7 Ra8 19. a3 Na6 20. dxc6 bxc6 21. b4 Rxa7 22. b5 Nc5 23. Nb3 Qb6 24. 0-0 a4 25. Nxc5 Qxc5 26. Qd3 Be6 27. Rfd1 Rd8 28. bxc6 Bxc4 29. Qd2 Qxc6 30. Rac1 Qd7 31. f3 Qh3 32. Qf2 Ra6 33. Nd5 Bxd5 34. Rxd5 Qd7 35. Qe2 Qa7+ 36. Kg2 Rb6 37. Rcd1 Qc7 38. R1d2 Rb3 39. Rc2 Rc3 40. Rxc3 Qxc3 41. Qa2 Kh8 42. Rb5 Qe1 43. Rb7 Qg3+ 0-1

[Event "Polanica Zdroj op-D 58th"]
[Site "Polanica Zdroj"]
[Date "2022.08.18"]
[Round "6"]
[White "Rychlik, Michal"]
[Black "Milczarek, Robert"]
[Result "1/2-1/2"]
[WhiteElo "1354"]
[BlackElo "1653"]
[PlyCount "49"]
[EventDate "2022.08.13"]
[EventType "swiss"]
[EventRounds "9"]
[EventCountry "POL"]
[SourceTitle "CBM 210 Extra"]
[Source "ChessBase"]
[SourceDate "2022.11.30"]
[SourceVersion "1"]
[SourceVersionDate "2022.11.30"]
[SourceQuality "1"]

1. d4 Nf6 2. c4 g6 3. Nc3 Bg7 4. g3 0-0 5. Bg2 d6 6. Nf3 Nc6 7. 0-0 Bf5 8. Be3 Ne4 9. Na4 a6 10. Nh4 b5 11. cxb5 axb5 12. Bxe4 Bxe4 13. Nc3 d5 14. Nxb5 e5 15. f3 g5 16. fxe4 gxh4 17. exd5 Qxd5 18. Nc3 Qd6 19. d5 Nd4 20. Bf2 Qg6 21. Kh1 h3 22. e3 Nb5 23. Be1 Nd6 24. Bd2 Rab8 25. b3 1/2-1/2